01354 a2200205 45000010006000000050017000060080041000230030015000640400040000790800053001192450087001720200022002592640090002813000019003715050619003900410008010091000019010177000017010368560095010534323120260407155716.0260407a2017 arg spa dAR-UNSa-BCEJYS aAR-UNSa-BCEJYSbspacAR-UNSa-BCEJYS a336.02xPolítica financiera. Política fiscal10aPolítica fiscal y distribución personal y regional del ingreso en la Argentina a978-950-34-1462-0 1aLa Plata :bUniversidad Nacional de la Plata. Facultad de Ciencias Económicasc2017 a204 p.c22 cm. a1. Presupuestos provinciales, transferencias intergubernamentales y equidad - 2. Personal and regional redistribution through public finance. The case of provincial governments in Argentina - 3. Personal and regional redistribution through the National Budget in Argentina 2004. - 4. Personal and regional redistribution through the National and Provincial Budgets in Argentina 2004. - 5. Fiscal policy and income distribution: Measurement for Argentina 1995-2010 - 6. Geografía de la desigualdad en la distribución personal del ingreso y en el impacto distributivo de la política fiscal. Argentina 1995-2010 aspa1 aPorto, Alberto1 aCont, Walter41uhttps://biblioeco.unsa.edu.ar/pmb/images/libros/L126586.jpgyImagen de portadaqimage/jpeg